Statistics for Patrick Stewart Filmography

Click here to take the quiz!

General Stats

  • This quiz has been taken 59 times
    (17 since last reset)
  • The average score is 41 of 343

Answer Stats

TypeYearName% Correct
Film2000X-Men
94%
Film2014X-Men: Days of Future Past
88%
Film2003X2: X-Men United
81%
Film2006X-Men: The Last Stand
81%
Film2017Logan
75%
Web Series2020-2023Star Trek: Picard
75%
TV Show1987-1994Star Trek: The Next Generation
75%
TV Film2009Hamlet
69%
Theater1966, 1986, 2008-2009Hamlet
69%
TV Film1980Hamlet, Prince of Denmark
69%
Film1996Star Trek: First Contact
69%
Film2002Star Trek: Nemesis
69%
TV Show2005-2018Family Guy
63%
Theater2007-2008Macbeth
63%
Commercial2007-2008Nintendo DS Brain Training
63%
Video Game1997Star Trek: Generations
63%
Film2012Ted
63%
TV Show2005-PresentAmerican Dad!
56%
Film1994Star Trek Generations
56%
Film1998Star Trek: Insurrection
56%
Film2015Ted 2
56%
Film2013The Wolverine
56%
Theater1991-1994, 2001, 2007A Christmas Carol
50%
TV Film1999A Christmas Carol
50%
Film2022Doctor Strange in the Multiverse of Madness
50%
TV Mini-Series1998Moby Dick
50%
Theater1997-1998Othello
44%
Film1993Robin Hood: Men in Tights
44%
Film2017The Emoji Movie
44%
Film2009X-Men Origins: Wolverine
44%
Film2006Bambi II
38%
Film1984Dune
38%
Film1981Excalibur
38%
TV Show2003Frasier
38%
Theater1970Richard III
38%
TV Show1993Star Trek: Deep Space Nine
38%
Theater1970, 1986, 1995, 2006-2007The Tempest
38%
TV Mini-Series2006Eleventh Hour
31%
TV Show2005Extras
31%
TV Film2016National Theatre Live: No Man's Land
31%
Theater2013-2014, 2016No Man's Land
31%
TV Show1994Saturday Night Live
31%
TV Show1995, 2013The Simpsons
31%
Film2007TMNT
31%
Theater2009, 2013-2014Waiting for Godot
31%
Theater1977Bingo
25%
Theater2010Bingo: Scenes of Money and Death
25%
Film2015Christmas Eve
25%
TV Show1967Coronation Street
25%
Film1998Dad Savage
25%
Documentary Series2010-2013Formula 1: BBC Sport
25%
TV Show2012Futurama
25%
Film2015Green Room
25%
TV Mini-Series1976I, Claudius
25%
TV Film2012Richard II
25%
Theater1971, 1977-1978A Midsummer Night's Dream
19%
Film2014A Million Ways to Die in the West
19%
TV Film1974Antony and Cleopatra
19%
Theater1972-1973, 1978-1979, 2006Antony and Cleopatra
19%
Film2019Charlie's Angels
19%
Theater1966, 1982Henry IV
19%
Theater1963, 1966Henry V
19%
Theater1968, 1986King Lear
19%
Film1985Lifeforce
19%
TV Show2012, 2014, 2015Robot Chicken
19%
Film1994The Pagemaster
19%
Documentary2011African Cats
13%
Film2004Boo, Zino & the Snurks
13%
Film2005Chicken Little
13%
Film1997Conspiracy Theory
13%
Film2017Dragonheart: Battle for the Heartfire
13%
Film2020Dragon Rider
13%
TV Documentary2004Dragons: A Fantasy Made Real
13%
Documentary2007Earth
13%
Video Game2014Family Guy: The Quest for Stuff
13%
Film2011Gnomeo & Juliet
13%
Film1975Hedda
13%
Film2012Ice Age: Continental Drift
13%
Film2001Jimmy Neutron: Boy Genius
13%
Film1991L.A. Story
13%
Theater1968Much Ado About Nothing
13%
Film2005Nausicaä of the Valley of the Wind
13%
Film1998Safe House
13%
TV Show1996Sesame Street
13%
Theater1965, 1986The Cherry Orchard
13%
Film2019The Kid Who Would Be King
13%
TV Film2003The Lion in Winter
13%
Theater1965, 1979, 2011The Merchant of Venice
13%
Film1998The Prince of Egypt
13%
TV Show2003Top Gear
13%
Theater2007Twelfth Night
13%
Web Series2016Unbreakable Kimmy Schmidt
13%
TV Show19742nd House
6%
Documentary Mini-Series1995500 Nations
6%
Theater2005, 2010A Life in the Theatre
6%
TV Documentary1998Amazing Earth
6%
Documentary2011A Minority Pastime
6%
Theater1978A Miserable and Lonely Death
6%
TV Film1999Animal Farm
6%
Theater1986Animal Farm
6%
Documentary Series2020Animal Rescue School
6%
Theater1969Bartholomew Fair
6%
TV Show1978BBC2 Play of the Week
6%
Documentary Mini-Series2010BBC Mountain Gorilla
6%
TV Show1973BBC Play of the Month
6%
TV Show2015-2016Blunt Talk
6%
Film2006Borg War
6%
Documentary Mini-Series2019Breakthrough: The Ideas That Changed the World
6%
Video Game2010Castlevania: Lords of Shadow
6%
Video Game2014Castlevania: Lords of Shadow 2
6%
Documentary1992Changing Our Minds: The Story of Dr. Evelyn Hooker
6%
TV Show1975Churchill's People
6%
Documentary Mini-Series1969Civilisation
6%
Film2019Coda
6%
Film1985Code Name: Emerald
6%
Theater1972Coriolanus
6%
Documentary Mini-Series2014Cosmos: A Spacetime Odyssey
6%
Documentary Mini-Series2020Cosmos: Possible Worlds
6%
Commercial2004Crestor
6%
Theater1958-1959Cyrano de Bergerac
6%
Short Film2017Dear Satan
6%
TV Film1993Death Train
6%
TV Documentary1990Discovering Hamlet
6%
Commercial2006Domestos 5X
6%
TV Show1977Drama
6%
Documentary Mini-Series2020Engineering the Future
6%
Short Film2012Epithet
6%
Theater1977, 1982Every Good Boy Deserves Favour
6%
TV Mini-Series1974Fall of Eagles
6%
Video Game2019Felix the Reaper
6%
Video Game2004Forgotten Realms: Demon Stone
6%
Commercial2004Goodyear Tires
6%
TV Show2010Great Performances
6%
Film1994Gunmen
6%
Theater1975Hedda Gabler
6%
Film1975Hennessy
6%
TV Show2005High Spirits with Shirley Ghostman
6%
Documentary Series1983, 1984Horizon
6%
Film2013Hunting Elephants
6%
Documentary2012Icebound
6%
Short Documentary2015Ice Cream
6%
TV Documentary1999If We Had No Moon
6%
TV Film1994In Search of Dr. Seuss
6%
TV Documentary1991In the Company of Whales
6%
Documentary Series1999Intimate Portrait
6%
TV Show1977Jackanory
6%
Film1995Jeffrey
6%
TV Show1975Joby
6%
Documentary2014Journey to Le Mans
6%
Documentary2015Journey to Space
6%
Theater1970King John
6%
TV Film2002King of Texas
6%
Film1986Lady Jane
6%
Video Game1994Lands of Lore: The Throne of Chaos
6%
Film2013Legends of Oz: Dorothy's Return
6%
Video Game2010LEGO Universe
6%
Video Game2015Leonardo's Cat
6%
Documentary1994Liberation
6%
Documentary1990Liftoff! An Astronaut's Journey
6%
TV Film1980Little Lord Fauntleroy
6%
Commercial1996MasterCard
6%
Film1997Masterminds
6%
Film2014Match
6%
TV Show1981-1983Maybury
6%
Documentary Mini-Series1992MGM: When the Lion Roars
6%
Commercial2011-2012MoneySuperMarket
6%
Video Game2018My Memory of Us
6%
TV Film2005Mysterious Island
6%
Commercial2009-2014National Car Rental
6%
TV Mini-Series1975North & South
6%
Documentary Series1992NOVA
6%
Documentary Series1970, 1974Omnibus
6%
Web Series2015Oscar's Hotel for Fantastical Creatures
6%
TV Show1973Play for Today
6%
Documentary Mini-Series1982Playing Shakespeare
6%
Commercial1999Pontiac Bonneville
6%
Commercial1996Pontiac Grand Am
6%
TV Film1984Pope John Paul II
6%
Commercial1994Porsche 911
6%
Documentary2018Postcards from the 48%
6%
TV Documentary2004Quest for King Arthur
6%
Documentary Mini-Series2012Racing Legends
6%
TV Show1988Reading Rainbow
6%
TV Show1986Screenplay
6%
Video Game2019Shadow Point
6%
Documentary Series2015Shakespeare Uncovered
6%
Film2014Sinbad: The Fifth Voyage
6%
TV Special2016Sir Patrick Stewart: A Knight of Comedy
6%
TV Mini-Series1982Smiley's People
6%
Documentary Mini-Series1992Space Age
6%
Film2016Spark: A Space Tail
6%
TV Documentary1994Stargazers
6%
Video Game2000Star Trek: Armada
6%
Video Game2001Star Trek: Armada II
6%
Video Game2002Star Trek: Bridge Commander
6%
Video Game2003Star Trek: Elite Force II
6%
Video Game1999Star Trek: Hidden Evil
6%
Video Game2000Star Trek: Invasion
6%
Video Game2006Star Trek: Legacy
6%
Video Game2002Star Trek: Starfleet Command III
6%
Video Game1995Star Trek: The Next Generation - A Final Unity
6%
Film2005Steamboy
6%
TV Show1964Story Parade
6%
TV Film1980The Anatomist by James Bridie
6%
TV Show1966Theatre 625
6%
TV Show1987Theatre Night
6%
Short Film2006The Audition
6%
TV Film1996The Canterville Ghost
6%
Theater1963, 2003-2004The Caretaker
6%
Documentary2016The Connected Universe
6%
Film1985The Doctor and the Devils
6%
Video Game2006The Elder Scrolls IV: Oblivion
6%
Film2005The Game of Their Lives
6%
TV Film1974The Gathering Storm
6%
Theater1967The Hollow Crown
6%
TV Film1985The Holy Experiment
6%
Theater1966The Investigation
6%
Theater1965The Life of Galileo
6%
TV Film1976The Madness
6%
Short Film2012The Olympic Ticket Scalper
6%
Film1982The Plague Dogs
6%
Documentary1993The Planets
6%
Theater1998, 2000The Ride Down Mt. Morgan
6%
TV Documentary1996The Secret Life of Earth
6%
TV Mini-Series1991The Shape of the World
6%
Video Game2011The Sims Medieval
6%
TV Film2005The Snow Queen
6%
Theater1967The Taming of the Shrew
6%
Film2017The Wilde Wedding
6%
Theater1959Treasure Island
6%
Theater1970-1971, 1981-1982Two Gentlemen of Verona
6%
Film1984Uindii
6%
Video Game2011War of the Worlds
6%
Short Film2003Water for Tea
6%
Documentary1998Wayfinders
6%
Documentary1997Whales: An Unforgettable Journey
6%
Theater1986-1987, 2000-2001Who's Afraid of Virginia Woolf?
6%
Film1985Wild Geese II
6%
Film1984Windy Story
6%
Video Game2003X2: Wolverine's Revenge
6%
Video Game2004X-Men Legends
6%
Video Game2005X-Men Legends II: Rise of Apocalypse
6%
Video Game2002X-Men: Next Dimension
6%
Video Game2006X-Men: The Official Game
6%
Theater1986A Chorus of Disapproval
0%
Theater1964-1965A Cuckoo in the Nest
0%
Theater1979A Cure for Souls
0%
Commercial1989Alascom
0%
Theater1967All's Well That Ends Well
0%
Documentary Series2012Animal Superpowers
0%
Theater1963Antigone
0%
Commercial2006Argos
0%
Theater1965A Scent of Flowers
0%
Theater1967-1968As You Like It
0%
Commercial2017AT&T
0%
Theater1965Big Soft Nellie
0%
Theater1963Billy Liar
0%
Theater1986Brighton Beach Memoirs
0%
Theater1957-1958Camino Real
0%
Theater1964Cockade
0%
Theater1986Coming in to Land
0%
Theater1986Dalliance
0%
Documentary2018Death Zone: Cleaning Mount Everest
0%
Commercial2017DirecTV
0%
Theater1964Displaced Affections
0%
Theater1971Enemies
0%
Documentary1994From Here to Infinity: The Ultimate Voyage
0%
Theater1986Futurists
0%
Theater1961-1962Great Scenes from Shakespeare
0%
Theater1977Groupings-Gropings
0%
TV Show2017Have I Got News for You
0%
Theater1963Hay Fever
0%
Theater1979He That Plays the King
0%
Theater1979Hippolytus
0%
TV Documentary2009Inside Planet Earth
0%
Commercial2020IRC
0%
Theater1964-1965Isabelle
0%
Theater1986Jacobowsky and the Colonel
0%
Theater1972-1973Julius Caesar
0%
Theater1978Landscape of Death
0%
Theater1965Little by Little
0%
Theater1965Lock Up Your Daughters
0%
Film1995Love Dance
0%
Theater1986Love for Love
0%
Commercial2003Marks & Spencer
0%
Theater1964Mary, Mary
0%
Theater1986Mrs Warren's Profession
0%
Theater1986Neaptide
0%
Theater1986Not About Heroes
0%
Theater1971Occupations
0%
Theater1964-1965Oliver Twist
0%
Commercial1999OppenheimerFunds
0%
Theater1964Poor Bitos
0%
Theater1986Pravda
0%
Theater1961Sailor, Beware!
0%
Theater1965Saint Joan
0%
Theater1964-1965She Stoops to Conquer
0%
Commercial2015-2016Strongbow Hard Cider
0%
Theater1963Summertime
0%
Theater1975The Actors Are Come Hither...Buzz, Buzz
0%
Theater1986The American Clock
0%
Theater1971The Balcony
0%
Theater1961The Bastard Country
0%
Theater1966The Battle of Agincourt
0%
Theater1986The Bay at Nice
0%
Theater1965The Beggar's Opera
0%
Theater1964-1965The Birthday Party
0%
Theater1977The Bundle
0%
Documentary Mini-Series2013The Captains Close Up
0%
Theater1958-1959, 1986The Critic
0%
Theater1986The Duchess of Malfi
0%
Theater1977The Good Between Us
0%
Theater1963The Hamlet of Stepney Green
0%
Theater1965The Happiest Days of Your Life
0%
Theater1976The Iceman Cometh
0%
Theater1961-1962The Lady of the Camellias
0%
Audiobook2003The Last Battle
0%
Theater1979The Loving Voyage
0%
Theater1986The Magistrate
0%
Theater1986The Mother
0%
Theater1967The Peloponnesian War
0%
Theater1986The Pied Piper
0%
Theater1965The Quare Fellow
0%
Theater1986The Real Inspector Hound
0%
Theater1967The Relapse
0%
Theater1966, 1969The Revengers' Tragedy
0%
Theater1986The Road to Mecca
0%
Theater2013The Second City Guide to the Opera
0%
Documentary1993The Secret of Life on Earth
0%
Theater1969The Silver Tassie
0%
Documentary1988The Star Trek Saga: From One Generation to the Next
0%
Theater1986The Threepenny Opera
0%
Theater1979The White Guard
0%
Theater1981The Winter's Tale
0%
TV Mini-Series1979Tinker Sailor Soldier Spy
0%
Theater1973Titus Andronicus
0%
Theater1986Tons of Money
0%
Theater1969Troilus and Cressida
0%
Commercial2020Uber Eats
0%
Theater1974Uncle Vanya
0%
Commercial2005University of Huddersfield
0%
Short Film2016What Has the ECHR Ever Done for Us?
0%
Theater1986Yonadab
0%

Score Distribution

Percentile by Number Answered

Percent of People with Each Score

Your Score History

You have not taken this quiz since the last reset